• 首页
  • 本馆介绍
  • 公告通知
  • 最新文献
  • 馆藏检索
  • 电子资源
  • 读者导购
  • 参考咨询
  • 我的图书馆
  • 登录
  • 详细信息显示
  • 放入我的书架
  • 预约/预借图书
  • 作者相关作品
  • 分类相关作品
  • 丛书相关作品
  • 出版社相关作品

书目信息

  • 表格格式
  • 工作单格式
  • 卡片格式
题名:
大重构
    
 
作者: 霍建国 , 齐冠钧, 著
分册:  
出版信息: 北京   中译出版社  2022.07
页数: 249页
开本: 23cm
丛书名:
单 册:
中图分类: F259.1
科图分类:
主题词: 产业链--chan ye lian--供应链管理--研究--世界
电子资源:
ISBN: 978-7-5001-7115-7
000 01936nam0 2200325 450
001 CAL 012022013265
005 20230217093113.0
010    @a978-7-5001-7115-7@dCNY68.00
092    @aCN@bRt1035-0523
100    @a20220909d2022 em y0chiy0120 ea
101 0  @achi
102    @aCN@b110000
105    @aa a 000yy
106    @ar
200 1  @a大重构@Ada chong gou@e全球产业链供应链变局@d= Great restructuring@eunprecedented changes of global industrial chain and supply chain@f霍建国, 齐冠钧著@zeng
210    @a北京@c中译出版社@d2022.07
215    @a249页@c图@d23cm
314    @a霍建国, 现任中国世贸组织研究会副会长, 曾任商务部国际贸易经济合作研究院院长。经济学博士, 研究员, 博士生导师, 享受国务院特殊津贴专家。齐冠钧 (1984-), 男, 黑龙江佳木斯人, 日本法政大学国际政治学硕士。现任商务部国际贸易经济合作研究院对外贸易研究所助理研究员, 研究方向为国际经济与贸易、“一带一路”、沿边开发开放等。
320    @a有书目 (第246-249页)
330    @a本书主要分为三大部分, 第一部分为乱象与变局, 主要分析探讨了当今世界面临的各种变化特点及挑战, 试图从我们面临的百年未有之大变局中发现一些规律性的内容, 以利于我们更好地把握世界变化的趋势, 趋利避害, 谋定而动, 保持中国的特色, 在危机中发现机遇。第二部分主要分析探讨了全球产业链和供应链的基本格局和变化趋势, 为我们了解掌握产业链供应链调整和重构提供历史规律和有效经验。第三部分主要分析探讨了中国发展的成功经验, 有利于我们坚定信心, 努力适应国际环境变化, 克服困难, 坚持有效的发展经验, 以高水平开放赢得国际竞争的主动。
510 1  @aGreat restructuring@eunprecedented changes of global industrial chain and supply chain@zeng
517 1  @a全球产业链供应链变局@Aquan qiu chan ye lian gong ying lian bian ju
606 0  @a产业链@Achan ye lian@x供应链管理@x研究@y世界
690    @aF259.1@v5
701  0 @a霍建国@Ahuo jian guo@4著
701  0 @a齐冠钧,@Aqi guan jun@f1984-@4著
801  0 @aCN@bBJXHZP@c20230228
901    @a中译出版社
905    @b1404769-72@dF259.1@e362@f4
997    @a期货
    
    大重构:全球产业链供应链变局= Great restructuring:unprecedented changes of global industrial chain and supply chain/霍建国, 齐冠钧著.-北京:中译出版社,2022.07
    249页:图;23cm
    
    
    ISBN 978-7-5001-7115-7:CNY68.00
    本书主要分为三大部分, 第一部分为乱象与变局, 主要分析探讨了当今世界面临的各种变化特点及挑战, 试图从我们面临的百年未有之大变局中发现一些规律性的内容, 以利于我们更好地把握世界变化的趋势, 趋利避害, 谋定而动, 保持中国的特色, 在危机中发现机遇。第二部分主要分析探讨了全球产业链和供应链的基本格局和变化趋势, 为我们了解掌握产业链供应链调整和重构提供历史规律和有效经验。第三部分主要分析探讨了中国发展的成功经验, 有利于我们坚定信心, 努力适应国际环境变化, 克服困难, 坚持有效的发展经验, 以高水平开放赢得国际竞争的主动。
●
相关链接 在E读中查询图书 在五车中查询图书 在当当中查询图书 在豆瓣中查询图书


正题名:大重构     索取号:F259.1/362         预约/预借

序号 登录号 条形码 馆藏地/架位号 状态 备注
1 1404769   214047690   第一样本阅览室/ [索取号:F259.1/362] 在馆    
2 1404770   214047707   第一借阅区/ [索取号:F259.1/362] 在馆    
3 1404771   214047716   第一借阅区/ [索取号:F259.1/362] 在馆    
4 1404772   214047725   第一借阅区/ [索取号:F259.1/362] 在馆    
唐山师范学院图书馆 欢迎您!
大连网信软件有限公司© 版权所有